<?xml version="1.0" encoding="UTF-8"?>
<collection xmlns="http://www.loc.gov/MARC21/slim">
 <record>
  <leader>01534nam a2200229Ia 4500</leader>
  <controlfield tag="001">CTU_83540</controlfield>
  <controlfield tag="008">210402s9999    xx            000 0 und d</controlfield>
  <datafield tag="082" ind1=" " ind2=" ">
   <subfield code="a">636.4</subfield>
  </datafield>
  <datafield tag="082" ind1=" " ind2=" ">
   <subfield code="b">M600</subfield>
  </datafield>
  <datafield tag="088" ind1=" " ind2=" ">
   <subfield code="a">60640101</subfield>
  </datafield>
  <datafield tag="100" ind1=" " ind2=" ">
   <subfield code="a">Huỳnh, Mỹ</subfield>
  </datafield>
  <datafield tag="245" ind1=" " ind2="0">
   <subfield code="a">Ảnh hưởng của chế phẩm biolac trong việc phòng bệnh tiêu chảy và khả năng sinh trưởng ở heo con và heo lứa :</subfield>
  </datafield>
  <datafield tag="245" ind1=" " ind2="0">
   <subfield code="b">Chuyên ngành Thú y</subfield>
  </datafield>
  <datafield tag="245" ind1=" " ind2="0">
   <subfield code="c">Huỳnh Mỹ ; Hướng dẫn khoa học: Nguyễn Văn Bá, Nguyễn Thị Hồng Nhân</subfield>
  </datafield>
  <datafield tag="260" ind1=" " ind2=" ">
   <subfield code="a">Cần Thơ</subfield>
  </datafield>
  <datafield tag="260" ind1=" " ind2=" ">
   <subfield code="b">Đại học Cần Thơ</subfield>
  </datafield>
  <datafield tag="260" ind1=" " ind2=" ">
   <subfield code="c">2004</subfield>
  </datafield>
  <datafield tag="520" ind1=" " ind2=" ">
   <subfield code="a">Đề tài khảo sát tác dụng của chế phẩm Biolac trên khả năng sinh trưởng, trong phòng chống bệnh tiêu chảy heo con và tỉ lệ tiêu hoá trên heo sau cai sữa, hai thí nghiệm trên 24 bầy heo con và 12 heo sau cai sữa với 4 mức độ bổ sung Biolac trong khẩu phần (0; 0,02; 0;06 và 0;12%)  đã được thực hiện tại thành phố Long Xuyên tỉnh An Giang và trại heo thực nghiệm của khoa Nông nghiệp trường đại học Cần Thơ, cho thấy chế phẩm sinh học Biolac có tác dụng tốt trên heo con từ 0 - 60 ngày tuổi và heo thịt.</subfield>
  </datafield>
  <datafield tag="650" ind1=" " ind2=" ">
   <subfield code="a">Swine</subfield>
  </datafield>
  <datafield tag="650" ind1=" " ind2=" ">
   <subfield code="x">Diseases</subfield>
  </datafield>
  <datafield tag="904" ind1=" " ind2=" ">
   <subfield code="i">Vương, Qhieu</subfield>
  </datafield>
  <datafield tag="980" ind1=" " ind2=" ">
   <subfield code="a">Trung tâm Học liệu Trường Đại học Cần Thơ</subfield>
  </datafield>
 </record>
</collection>
